00487nam a2200145Ia 4500008004100000024001400041082001900055100001600074245004100090260002500131600002100156650003800177952010900215999001700324250506s9999 xx 000 0 und d a00A-BS-62 a004.678072 ASM aAsma Khalil 0aSearch Zone: web based search engine aKarachi:bUIT,c2000 aComputer Science aBachelor of Computer Science (BS) 001040708PR-CSaUITUbUITUd2022-07-26l0o004.678072 ASMpBS-16r2025-05-06 11:34:32w2025-05-06yPR c28639d28639